Inovácie a udržateľný rozvoj
Obavy z environmentálnej udržateľnosti sú predmetom rozsiahlych diskusií o potrebe ekonomické rastu s environmentálnym základom. Zelený rast má na jednej strane podporovať hospodársky rast, ale na druhej strane musí predchádzať degradácií životného prostredia. Zelený rast je súčasťou udržateľného ro...
Gespeichert in:
| 1. Verfasser: | |
|---|---|
| Format: | Buchkapitel |
| Sprache: | Slowakisch |
| Schlagworte: | |
| Tags: |
Keine Tags, Fügen Sie das erste Tag hinzu!
|
MARC
| LEADER | 00000nla a2200000 4500 | ||
|---|---|---|---|
| 001 | 0183914 | ||
| 005 | 20240502073142.1 | ||
| 041 | 0 | |a slo | |
| 044 | |a SK | ||
| 245 | 1 | 0 | |a Inovácie a udržateľný rozvoj |c Janka Pásztorová |
| 520 | |a Obavy z environmentálnej udržateľnosti sú predmetom rozsiahlych diskusií o potrebe ekonomické rastu s environmentálnym základom. Zelený rast má na jednej strane podporovať hospodársky rast, ale na druhej strane musí predchádzať degradácií životného prostredia. Zelený rast je súčasťou udržateľného rozvoja, s tým rozdielom, že zelený rast má iba environmentálny aspekt. Hodnotenie perspektívy ekoinovácí v EÚ. | ||
| 610 | 2 | 0 | |a politika ekologická |
| 610 | 2 | 0 | |a politika environmentálna |
| 610 | 2 | 0 | |a inovácia |
| 610 | 2 | 0 | |a marketing environmentálny |
| 610 | 2 | 0 | |a rozvoj trvalo udržateľný |
| 610 | 2 | 0 | |a Európska únia |
| 610 | 2 | 0 | |a Slovensko |
| 100 | 1 | |a Pásztorová, Janka, 1960- | |